000 00913nam a22003137a 4500
001 1456
003 DO-SdBNP
005 20180220152353.0
007 1456
008 151027b 1992 sp || 00| 0 spa d
020 _a8434830701
040 _aBPMSU
_bspa
_cBPMSU
082 _a863.6
_bM539p 1992
100 _aMendo, Miguel Ángel
245 _aPor un maldito anuncio /
_cMiguel Ángel Mendo ; Ilustraciones Joan Verdú
250 _a
260 _aMadrid :
_bEdiciones SM,
_c1992
300 _a121 p.:
_bil.;
_g20 cm
490 _a El barco de vapor
_v57
586 _aPremio lazarillo 1989
650 _aNOVELA JUVENIL ESPAÑOLA
650 _aCUMPLEAÑOS
_vNOVELA JUVENIL
650 _aPUBLICIDAD
_vNOVELA JUVENIL
700 _aVerdú, Joan,
_eils.
830 _aEl barco de vapor ;
_v 57
942 _2ddc
_cBK
945 _aInventariado, 2018/ YL
956 _aVMATEO
_210
_320161019
_6BPMSU
_800069
999 _c8468
_d8468